Sociálne zabezpečenie od 1. januára 2001 príspevok na poistenie v nezamestnanosti

Práva a povinnosti poistenca. Povinnosť platiť príspevok na poistenie v nezamestnanosti. Platenie príspevku. Vymeriavací základ. Minimum a maximum vymeriavacieho základu. Vymeriavací základ zamestnávateľa.

Gespeichert in:
Bibliographische Detailangaben
1. Verfasser: Pauličková, Alena
Format: Buchkapitel
Sprache:Slowakisch
Schlagworte:
Tags: Tag hinzufügen
Keine Tags, Fügen Sie das erste Tag hinzu!

MARC

LEADER 00000naa a2200000 4500
001 r040712
005 20230720102321.0
041 0 |a slo 
044 |a SK 
245 1 0 |a Sociálne zabezpečenie od 1. januára 2001  |b príspevok na poistenie v nezamestnanosti  |c [Alena Pauličková] 
520 |a Práva a povinnosti poistenca. Povinnosť platiť príspevok na poistenie v nezamestnanosti. Platenie príspevku. Vymeriavací základ. Minimum a maximum vymeriavacieho základu. Vymeriavací základ zamestnávateľa. 
610 2 0 |a zabezpečenie sociálne 
610 2 0 |a poistenie v nezamestnanosti 
610 2 0 |a poistné 
610 2 0 |a poistenci 
610 2 0 |a spoločníci 
610 2 0 |a základ vymeriavací 
610 2 0 |a 2001 
610 2 0 |a január 
100 1 |a Pauličková, Alena